000 00832nam a22001935i 4500
001 154700
003 ES-MaACL
005 20250815062538.0
008 961110m18041814sp |||| | spa d
040 _aCARM
_bspa
_cCCPB | SIC
100 1 _aGuthrie, William.
_9143163
245 1 0 _aGeografia universal, descriptiva, histórica, industrial y comercial, de las quatro partes del mundo /
_cescrita en ingles por Guillermo Guthrie ; traducida al frances por Fr. Noel ; y de la segunda edicion en esta lengua á la española por D.J.I.C.
260 _aMadrid :
_b[s.n.],
_c1804-1814 (
_fEn la Imprenta de Villalpando)
300 _a14 v. ;
_c17 cm.
650 0 7 _aGeografía
_2embne
_913070
852 _aES-MaACL
_jC-8040
_z-- Enc. pasta española
_q-- Sólo el t. III, 1805 (432 p.)
999 _c154700
_d154700